000 00512nam a2200181Ia 4500
008 151018s9999 xx 000 0 und d
082 _bRBASDV63938
_a891.463
100 _aअनंत तिबिले
245 _aधडक
250 _b1
260 _bशितल मेहता कोल्हापूर
_c2013
300 _a256
600 _aअनंत तिबिले
630 _aधडक
700 _aअनंत तिबिले
730 _aधडक
942 _cBOOK
999 _c1056279
_d1056276